00331nam a2200121 a 45000010005000000030005000050050017000100080041000270400020000681000029000882450072001172600020001891488CDMR20130312162308.0130130s1974||||||||||||||||||||||||||||d aCDMRbcatcCDMR1 aHuertas López, Ricardo10aHistoria del periodismo taurino en BarcelonacRicardo Huertal Lopez aBarcelonac1974